00364nam a22001337a 450000500170000000800410001704100130005808200150007110000130008624500580009926000220015730000250017965000260020420231031091258.0231031b |||||||| |||| 00| 0 eng d aEnglish  a347.1 MAG  lEnglish  aMagistrates Court and Rules of the Magistrates Court  aWindhoek : c2003 b93 pages ; c33 cm.  alegal practice bLaw